| 000 | 00379nam a2200169Ia 4500 | ||
|---|---|---|---|
| 100 | _aShiv Kumar | ||
| 650 | _aThermal engineering | ||
| 942 | _cBK | ||
| 366 | _f25 | ||
| 654 | _athermal engineering | ||
| 245 | _aFundamentals of Thermal Engineering | ||
| 260 |
_bAne Books _c2017 |
||
| 082 |
_a621.402 _bSHI |
||
| 300 | _a880 | ||
| 546 |
_aENGLISH _cInfo.Tech |
||
| 999 |
_c30719 _d30719 |
||